All Gracie Abrams songs (up to tsou deluxe) - Statistics

General Stats
  • This quiz has been taken 4,321 times
    329 since last reset
  • The average score is 38 of 63
Answer Stats
Hint Answer % Correct
minor 5 I miss you, I'm sorry
94%
The Secret of Us 4 I Love You, I'm Sorry
93%
minor 7 minor
88%
The Secret of Us 15 That's So True
88%
minor 2 21
87%
The Secret of Us 2 Risk
82%
The Secret of Us 5 us. (feat. Taylor Swift)
82%
Good Riddance 1 Best
81%
This Is What It Feels Like 1 Feels Like
80%
This Is What It Feels Like 4 Camden
78%
The Secret of Us 13 Close To You
78%
The Secret of Us 16 I Told You Things
76%
The Secret of Us 12 Free Now
75%
The Secret of Us 3 Blowing Smoke
74%
The Secret of Us 14 Cool
73%
The Secret of Us 17 Packing It Up
71%
Good Riddance 7 Amelie
70%
Good Riddance 2 I know it won't work
70%
minor 3 Under / Over
69%
The Secret of Us 1 Felt Good About You
68%
minor 1 Friend
68%
The Secret of Us 11 Good Luck Charlie
68%
The Secret of Us 8 I Knew It, I Know You
67%
minor 6 Long Sleeves
66%
Good Riddance 4 Where do we go now?
66%
This Is What It Feels Like 2 Rockland
64%
minor 4 tehe
63%
Good Riddance 9 This is what the drugs are for
62%
Good Riddance 15 405
61%
The Secret of Us 6 Let It Happen
61%
The Secret of Us 7 Tough Love
61%
Good Riddance 11 The Blue
60%
singles/collabs - Mess It Up
58%
This Is What It Feels Like 5 The Bottom
58%
This Is What It Feels Like 10 Augusta
57%
Good Riddance 16 Two People
57%
Good Riddance 3 Full machine
56%
Good Riddance 8 Difficult
55%
singles/collabs - Everywhere, Everything (with Noah Kahan)
55%
The Secret of Us 9 Gave You I Gave You I
54%
Good Riddance 5 I should hate you
54%
Good Riddance 12 Right Now
54%
Good Riddance 13 Block Me Out
53%
The Secret of Us 10 Normal Thing
52%
This Is What It Feels Like 8 Better
51%
Good Riddance 6 Will you cry?
50%
This Is What It Feels Like 9 Hard To Sleep
49%
singles/collabs - Unlearn (with benny blanco)
49%
singles/collabs - Brush Fire
48%
singles/collabs - Call Me When You Break Up (with Selena Gomez & benny blanco)
48%
This Is What It Feels Like 11 Painkillers
48%
singles/collabs - Stay
48%
Good Riddance 10 Fault Line
47%
This Is What It Feels Like 7 Older
47%
Good Riddance 14 Unsteady
46%
This Is What It Feels Like 12 Alright
45%
This Is What It Feels Like 3 For Real This Time
45%
singles/collabs - Mean It
45%
singles/collabs - Cedar
42%
This Is What It Feels Like 6 Wishful Thinking
39%
singles/collabs - Pad Thai (with Tjani)
26%
singles/collabs - Badlands (with Mumford & Sons)
23%
singles/collabs - Abby
14%
No matching quizzes found
Score Distribution
Percent of People with Each Score
Percentile by Number Answered
Your Score History
You have not taken this quiz since the last reset